[Event "Olimpiade 2022 - Open"]
[Site "Chennai"]
[Date "08.08.2022"]
[Round "10.3"]
[Board "2"]
[White "Can, Emre"]
[Black "So, Wesley"]
[Result "1/2-1/2"]
[WhiteTitle "GM"]
[BlackTitle "GM"]
[WhiteElo "2606"]
[BlackElo "2773"]
[WhiteTeam "Turkey"]
[BlackTeam "United States of America"]
[WhiteFideId "6302181"]
[BlackFideId "5202213"]
[EventDate "2022.07.29"]

1. d4 Nf6 2. c4 e6 3. g3 d5 4. Bg2 Be7 5. Nf3 O-O 6. O-O dxc4 7. Qc2 a6 8. a4
Bd7 9. Rd1 Bc6 10. Bg5 b5 11. Bxf6 Bxf6 12. Nc3 Qe8 13. d5 exd5 14. Nd4 Qe5 15.
e4 dxe4 16. Nxe4 Ra7 17. Nxf6+ Qxf6 18. axb5 Bxg2 19. Kxg2 Rb7 20. bxa6 Nxa6 21.
Ra3 g6 22. Rf3 Qb6 23. Qxc4 c5 24. Ne2 Qb5 25. Qxb5 Rxb5 26. Rd2 Nc7 27. Nf4 Ne6
28. Nxe6 fxe6 29. Ra3 Rf7 30. h4 Rfb7 31. Ra8+ Kg7 32. Rc8 1/2-1/2

[Event "Olimpiade 2022 - Open"]
[Site "Chennai"]
[Date "08.08.2022"]
[Round "10.3"]
[Board "3"]
[White "Dominguez Perez, Leinier"]
[Black "Sanal, Vahap"]
[Result "1-0"]
[WhiteTitle "GM"]
[BlackTitle "GM"]
[WhiteElo "2754"]
[BlackElo "2574"]
[WhiteTeam "United States of America"]
[BlackTeam "Turkey"]
[WhiteFideId "3503240"]
[BlackFideId "6300545"]
[EventDate "2022.07.29"]

1. e4 e5 2. Nf3 Nc6 3. Bb5 a6 4. Ba4 Nf6 5. O-O Be7 6. Re1 b5 7. Bb3 O-O 8. c3
d5 9. exd5 Nxd5 10. Nxe5 Nxe5 11. Rxe5 c6 12. d3 Bd6 13. Re1 Bf5 14. Qf3 Bg6 15.
g3 Kh8 16. Bxd5 cxd5 17. Qxd5 f5 18. Nd2 Qc7 19. Nf3 f4 20. Nh4 Bf7 21. Qg5 h6
22. Ng6+ Kh7 23. Nxf8+ Rxf8 24. Qg4 Bd5 25. Bd2 Rf6 26. Re4 Bxe4 27. dxe4 Qc4
28. Re1 f3 29. Be3 Be5 30. a3 Qd3 31. Qh5 Qd6 32. Qh3 Qd3 33. Qf1 Qc2 34. Bd4
Re6 35. Qh3 Bxd4 36. cxd4 Rf6 37. e5 Rf8 38. Qf1 Qd2 39. Rd1 Qxb2 40. Qd3+ Kh8
41. e6 1-0

[Event "Olimpiade 2022 - Open"]
[Site "Chennai"]
[Date "08.08.2022"]
[Round "10.3"]
[Board "4"]
[White "Solak, Dragan"]
[Black "Shankland, Sam"]
[Result "1/2-1/2"]
[WhiteTitle "GM"]
[BlackTitle "GM"]
[WhiteElo "2594"]
[BlackElo "2720"]
[WhiteTeam "Turkey"]
[BlackTeam "United States of America"]
[WhiteFideId "916811"]
[BlackFideId "2004887"]
[EventDate "2022.07.29"]

1. e4 e5 2. Nf3 Nc6 3. Bb5 a6 4. Bxc6 dxc6 5. O-O f6 6. d4 exd4 7. Nxd4 Qd6 8.
Be3 Bd7 9. Qe2 Nh6 10. h3 O-O-O 11. Nc3 Nf7 12. Nb3 Qe5 13. f4 Qe8 14. Nc5 Bxc5
15. Bxc5 Rg8 16. Rae1 Kb8 17. a4 g5 18. e5 gxf4 19. exf6 Qxe2 20. Rxe2 Bxh3 21.
Rxf4 Bg4 22. Re7 Bh5 23. Rd4 b6 24. Rxd8+ Rxd8 25. Be3 Kc8 26. a5 bxa5 27. Ne4
Rd7 28. Nc5 Rxe7 29. fxe7 Nd6 30. Kf2 a4 31. Nxa4 Kd7 32. Nc5+ Kxe7 33. Nxa6 Bg6
34. Nxc7 1/2-1/2

[Event "Olimpiade 2022 - Open"]
[Site "Chennai"]
[Date "08.08.2022"]
[Round "10.4"]
[Board "1"]
[White "Maghsoodloo, Parham"]
[Black "Harikrishna, Pentala"]
[Result "1-0"]
[WhiteTitle "GM"]
[BlackTitle "GM"]
[WhiteElo "2701"]
[BlackElo "2720"]
[WhiteTeam "Iran"]
[BlackTeam "India"]
[WhiteFideId "12539929"]
[BlackFideId "5007003"]
[EventDate "2022.07.29"]

1. d4 d5 2. c4 c6 3. e3 Nf6 4. Nc3 Bf5 5. f3 h5 6. Bd3 Bxd3 7. Qxd3 e6 8. Nge2
dxc4 9. Qxc4 Nbd7 10. e4 Rc8 11. a4 Qa5 12. Bd2 Be7 13. O-O O-O 14. Rab1 e5 15.
b4 Qc7 16. Be3 Rfd8 17. Rfd1 exd4 18. Nxd4 Ne5 19. Qe2 Ng6 20. Nf5 Rxd1+ 21.
Qxd1 Bf8 22. a5 b6 23. axb6 axb6 24. b5 Ne7 25. Nd4 c5 26. Nde2 Ng6 27. h3 c4
28. Na4 Nd7 29. Nec3 Bc5 30. Bxc5 Nxc5 31. Nd5 Qg3 32. Naxb6 Rb8 33. Nxc4 Nh4
34. Nce3 Ne6 35. Ne7+ Kh7 36. N7f5 Qg5 37. Nxh4 Qxe3+ 38. Kh1 g6 39. Qd6 Rb6 40.
Qe5 Qd3 41. Qa1 Rxb5 42. Rxb5 Qxb5 43. Qf6 Qd7 44. Kh2 Kg8 45. f4 Nd4 46. Nxg6
fxg6 47. Qxg6+ Kf8 48. Qxh5 Qd6 49. e5 Qd5 50. Qg6 Ne6 51. h4 Qc4 52. Qh6+ Ng7
53. h5 Qe2 54. Kh3 Qd3+ 55. Kh4 Qe4 56. g4 Kg8 57. Qf6 Qh1+ 58. Kg5 Qd5 59. Qg6
Kf8 60. Qd6+ 1-0

[Event "Olimpiade 2022 - Open"]
[Site "Chennai"]
[Date "08.08.2022"]
[Round "10.4"]
[Board "2"]
[White "Vidit, Santosh Gujrathi"]
[Black "Tabatabaei, M. Amin"]
[Result "1-0"]
[WhiteTitle "GM"]
[BlackTitle "GM"]
[WhiteElo "2714"]
[BlackElo "2664"]
[WhiteTeam "India"]
[BlackTeam "Iran"]
[WhiteFideId "5029465"]
[BlackFideId "12521213"]
[EventDate "2022.07.29"]

1. d4 Nf6 2. c4 e6 3. Nf3 d5 4. g3 dxc4 5. Bg2 Nc6 6. O-O Rb8 7. Nc3 b5 8. Ne5
Nxe5 9. dxe5 Nd7 10. Qc2 Bb7 11. Bxb7 Rxb7 12. Rd1 c6 13. Ne4 Qc7 14. b3 Nxe5
15. Bf4 Be7 16. bxc4 bxc4 17. Qc3 f6 18. Ng5 Bb4 19. Qd4 Qb6 20. Bxe5 Qxd4 21.
Bxd4 fxg5 22. Rac1 Kf7 23. Rxc4 Be7 24. Rxc6 Rd8 25. Rd3 Bf6 26. Be3 Rxd3 27.
exd3 Rd7 28. Ra6 Rxd3 29. Rxa7+ Kg6 30. Ra4 h5 31. h3 h4 32. g4 Be5 33. Re4 Bf4
34. Rxe6+ Kf7 35. Re4 Ra3 36. Bxf4 gxf4 37. Rxf4+ Kg8 38. g5 Rxh3 39. a4 Kh7 40.
f3 Rg3+ 41. Kf2 Rh3 42. g6+ Kh6 43. Kg2 Rg3+ 44. Kh2 Kh5 45. a5 Rxg6 46. Rf5+
Kh6 47. Rb5 Rg3 48. Rb3 Rg5 49. Ra3 Rc5 50. a6 Rc8 51. a7 Ra8 52. f4 1-0

[Event "Olimpiade 2022 - Open"]
[Site "Chennai"]
[Date "08.08.2022"]
[Round "10.5"]
[Board "1"]
[White "Indjic, Aleksandar"]
[Black "Giri, Anish"]
[Result "1/2-1/2"]
[WhiteTitle "GM"]
[BlackTitle "GM"]
[WhiteElo "2620"]
[BlackElo "2760"]
[WhiteTeam "Serbia"]
[BlackTeam "Netherlands"]
[WhiteFideId "911925"]
[BlackFideId "24116068"]
[EventDate "2022.07.29"]

1. d4 d5 2. c4 c6 3. Nc3 Nf6 4. Nf3 e6 5. Bg5 h6 6. Bxf6 Qxf6 7. e3 g6 8. Ne5
Bg7 9. f4 O-O 10. h4 Qe7 11. g4 c5 12. Qd2 dxc4 13. O-O-O Nc6 14. Bg2 cxd4 15.
exd4 Bd7 16. g5 h5 17. Rhe1 Rac8 18. Bxc6 Bxc6 19. d5 Rfd8 20. f5 gxf5 21. g6
fxg6 22. Nxg6 Qf6 23. Nf4 Bxd5 24. Ncxd5 exd5 25. Nxh5 Qh6 26. Re7 Bxb2+ 27. Kb1
Qxd2 28. Rxd2 Kf8 29. Rde2 c3 30. Rxb7 c2+ 31. Rxc2 Rxc2 32. Kxc2 Be5 33. Rxa7
Rc8+ 34. Kd1 Rc4 35. Rd7 Rd4+ 36. Ke2 Ke8 37. Rb7 Kf8 38. Rd7 Re4+ 39. Kf2 d4
40. Ng3 Rxh4 41. Rd5 Rh2+ 42. Kf3 Bxg3 43. Kxg3 Rxa2 1/2-1/2

[Event "Olimpiade 2022 - Open"]
[Site "Chennai"]
[Date "08.08.2022"]
[Round "10.6"]
[Board "1"]
[White "Shirov, Alexei"]
[Black "Navara, David"]
[Result "1/2-1/2"]
[WhiteTitle "GM"]
[BlackTitle "GM"]
[WhiteElo "2704"]
[BlackElo "2688"]
[WhiteTeam "Spain"]
[BlackTeam "Czech Republic"]
[WhiteFideId "2209390"]
[BlackFideId "309095"]
[EventDate "2022.07.29"]

1. e4 e5 2. Nf3 Nc6 3. Bb5 Nf6 4. O-O Nxe4 5. Re1 Nd6 6. Nxe5 Be7 7. Bf1 Nxe5 8.
Rxe5 O-O 9. Nc3 Bf6 10. Re1 Re8 11. Nd5 Rxe1 12. Qxe1 b6 13. d3 Bb7 14. Nxf6+
Qxf6 15. Qe3 c5 16. Qf4 Qxf4 17. Bxf4 Nf5 18. Re1 f6 19. c3 Bd5 20. a3 g5 21.
Bd2 a5 22. Be2 Re8 23. f4 Nh4 24. Kf2 h6 25. g3 Nf5 26. g4 Nd6 27. c4 Bc6 28. b4
axb4 29. axb4 cxb4 30. Bxb4 Nf7 31. fxg5 Nxg5 32. Bd2 b5 33. h4 Ne6 34. cxb5
Bxb5 35. Rb1 Kh7 36. Rxb5 Nd4 37. Rd5 Rxe2+ 38. Kg3 Rxd2 39. Rxd7+ Kg8 40. Rxd4
Kf7 41. Kf4 Rd1 42. h5 Ke6 43. Re4+ Kf7 44. Ke3 Re1+ 45. Kd4 Rf1 46. Kd5 f5 47.
gxf5 Rxf5+ 48. Re5 Rf4 49. d4 Rh4 50. Kc5 Kf6 51. Rd5 Rh1 52. Kd6 Rd1 53. Kc6
Rd2 54. Rd8 Rc2+ 55. Kd6 Kg5 56. d5 Kxh5 57. Rg8 Kh4 58. Rg6 h5 59. Ke5 Rd2 60.
d6 Kh3 61. Ke6 h4 62. d7 Kh2 63. Rg5 Rxd7 64. Kxd7 h3 65. Ke6 Kh1 66. Kf5 h2 1/2-1/2

[Event "Olimpiade 2022 - Open"]
[Site "Chennai"]
[Date "08.08.2022"]
[Round "10.6"]
[Board "2"]
[White "Nguyen, Thai Dai Van"]
[Black "Vallejo Pons, Francisco"]
[Result "1/2-1/2"]
[WhiteTitle "GM"]
[BlackTitle "GM"]
[WhiteElo "2629"]
[BlackElo "2702"]
[WhiteTeam "Czech Republic"]
[BlackTeam "Spain"]
[WhiteFideId "358878"]
[BlackFideId "2205530"]
[EventDate "2022.07.29"]

1. d4 d5 2. c4 c6 3. Nf3 Nf6 4. Nc3 dxc4 5. a4 e6 6. e3 c5 7. Bxc4 Nc6 8. Qe2
cxd4 9. exd4 Be7 10. O-O O-O 11. Rd1 Nb4 12. Bg5 Bd7 13. d5 exd5 14. Nxd5 Nbxd5
15. Bxd5 Nxd5 16. Rxd5 Bxg5 17. Nxg5 h6 18. Qd2 hxg5 19. Rxd7 Qf6 20. Rxb7 Rab8
21. Rxb8 Rxb8 22. Rb1 Qc6 23. Qxg5 Qxa4 24. Qe5 Qb5 25. Qd4 a5 26. h3 Qb4 27.
Qe5 Qb5 28. Qd4 Qb4 29. Qd5 a4 30. Ra1 Qxb2 31. Rxa4 Qb5 32. Qd6 Qxa4 33. Qxb8+
Kh7 34. Qe5 g6 35. f4 f5 36. Qe7+ Kg8 37. Qd6 Kf7 38. h4 Qa7+ 39. Kh2 Qf2 40.
Qc7+ Ke8 41. Qe5+ Kf7 42. Kh3 Qf1 43. Kg3 1/2-1/2

[Event "Olimpiade 2022 - Open"]
[Site "Chennai"]
[Date "08.08.2022"]
[Round "10.7"]
[Board "1"]
[White "Erdos, Viktor"]
[Black "Korobov, Anton"]
[Result "1-0"]
[WhiteTitle "GM"]
[BlackTitle "GM"]
[WhiteElo "2586"]
[BlackElo "2692"]
[WhiteTeam "Hungary"]
[BlackTeam "Ukraine"]
[WhiteFideId "719978"]
[BlackFideId "14105730"]
[EventDate "2022.07.29"]

1. e4 c5 2. Nf3 d6 3. Bb5+ Nd7 4. d4 cxd4 5. Nxd4 Nf6 6. O-O a6 7. Ba4 g6 8. Re1
b5 9. Bb3 Bb7 10. c4 b4 11. a3 bxa3 12. Rxa3 e5 13. Nf3 Nxe4 14. c5 Ndxc5 15.
Ba4+ Ke7 16. Bc2 f5 17. Bxe4 Nxe4 18. Rxe4 Qc7 19. Rc3 1-0

[Event "Olimpiade 2022 - Open"]
[Site "Chennai"]
[Date "08.08.2022"]
[Round "10.8"]
[Board "2"]
[White "Nabaty, Tamir"]
[Black "Bluebaum, Matthias"]
[Result "0-1"]
[WhiteTitle "GM"]
[BlackTitle "GM"]
[WhiteElo "2631"]
[BlackElo "2673"]
[WhiteTeam "Israel"]
[BlackTeam "Germany"]
[WhiteFideId "2809052"]
[BlackFideId "24651516"]
[EventDate "2022.07.29"]

1. d4 Nf6 2. Nf3 d5 3. c4 e6 4. e3 b6 5. a3 Bd6 6. b4 c5 7. cxd5 exd5 8. bxc5
bxc5 9. dxc5 Bxc5 10. Bb5+ Bd7 11. Bxd7+ Nbxd7 12. O-O O-O 13. Nbd2 Rb8 14. Ra2
Qb6 15. Bb2 Rfc8 16. Ba1 Qa6 17. Nd4 Bf8 18. Ne2 Bd6 19. Nf3 Qc4 20. Nc3 Ne5 21.
Nd4 Bc5 22. Rd2 Bxa3 23. Nf5 Ng6 24. Nxg7 Kxg7 25. Nxd5 Be7 26. Nxe7 Nxe7 27.
Rd6 Ng8 28. Qf3 Qh4 29. Rd4 Qh6 30. Qg3+ Kf8 31. Qd6+ Kg7 32. Rg4+ Kh8 33. Rd1
Rb6 34. Qd7 Qf8 35. h4 Rcc6 36. Qf5 Nh6 37. Qg5 Nxg4 38. Qxg4 Rd6 39. Bd4 Rbc6
40. Qf4 Kg8 41. Rb1 h6 42. Be5 Re6 43. Bd4 a5 44. h5 Nxh5 45. Qf5 Ng7 46. Qxa5
Qc8 47. f4 Rg6 48. f5 Nxf5 49. Qe5 Nxd4 0-1

[Event "Olimpiade 2022 - Open"]
[Site "Chennai"]
[Date "08.08.2022"]
[Round "10.9"]
[Board "1"]
[White "Adams, Michael"]
[Black "Vocaturo, Daniele"]
[Result "1/2-1/2"]
[WhiteTitle "GM"]
[BlackTitle "GM"]
[WhiteElo "2696"]
[BlackElo "2616"]
[WhiteTeam "England"]
[BlackTeam "Italy"]
[WhiteFideId "400041"]
[BlackFideId "813192"]
[EventDate "2022.07.29"]

1. e4 c5 2. Nf3 d6 3. Bb5+ Bd7 4. Bxd7+ Qxd7 5. c4 Nf6 6. Nc3 Nc6 7. d4 cxd4 8.
Nxd4 g6 9. h3 Nxd4 10. Qxd4 Bg7 11. O-O O-O 12. Qd3 Rac8 13. Be3 Qc6 14. b3 Nd7
15. f3 Nc5 16. Qd2 a6 17. Rac1 e6 18. Rfd1 Be5 19. Kh1 Rfd8 20. Bd4 Qc7 21. Qe3
Nd7 22. f4 Bxd4 23. Qxd4 Nb8 24. f5 Nc6 25. Qf6 Qe7 26. Qxe7 Nxe7 27. f6 Nc6 28.
Rd2 Kf8 29. Rcd1 Ke8 30. Na4 b5 31. Nb2 Ne5 32. Rxd6 Rxd6 33. Rxd6 bxc4 34. Nxc4
Nxc4 35. bxc4 Rxc4 36. Rxa6 e5 37. Ra7 1/2-1/2

[Event "Olimpiade 2022 - Open"]
[Site "Chennai"]
[Date "08.08.2022"]
[Round "10.11"]
[Board "1"]
[White "Carlsen, Magnus"]
[Black "Schitco, Ivan"]
[Result "1/2-1/2"]
[WhiteTitle "GM"]
[BlackTitle "IM"]
[WhiteElo "2864"]
[BlackElo "2490"]
[WhiteTeam "Norway"]
[BlackTeam "Moldova"]
[WhiteFideId "1503014"]
[BlackFideId "13905465"]
[EventDate "2022.07.29"]

1. Nf3 Nf6 2. g3 d5 3. Bg2 e6 4. O-O Be7 5. d3 O-O 6. a4 c5 7. e4 Nc6 8. Bf4 h6
9. Qe2 b6 10. Re1 Bb7 11. e5 Nh7 12. h4 Rc8 13. c3 d4 14. c4 Kh8 15. Bc1 Nb4 16.
Na3 Qd7 17. Bd2 Nc6 18. Nh2 Rce8 19. Nc2 a5 20. Ng4 Bd8 21. Rf1 Ne7 22. Bxb7
Qxb7 23. Ne1 Nc6 24. Ng2 h5 25. Nh2 Bc7 26. Nf3 Bb8 27. Nf4 g6 28. Kh2 Kg7 29.
Rae1 f6 30. exf6+ Nxf6 31. Ng5 Bxf4 32. Bxf4 e5 33. Bd2 Qd7 34. f3 Nd8 35. b3
Nb7 36. Ne4 Nxe4 37. Qxe4 Nd6 38. Qd5 Rf5 39. g4 hxg4 40. fxg4 Rxf1 41. Rxf1
Qxg4 42. Bg5 Qe2+ 43. Kg1 Qg4+ 44. Kh2 Qe2+ 45. Kg1 Qg4+ 1/2-1/2

[Event "Olimpiade 2022 - Open"]
[Site "Chennai"]
[Date "08.08.2022"]
[Round "10.12"]
[Board "1"]
[White "Wojtaszek, Radoslaw"]
[Black "Grandelius, Nils"]
[Result "1/2-1/2"]
[WhiteTitle "GM"]
[BlackTitle "GM"]
[WhiteElo "2708"]
[BlackElo "2655"]
[WhiteTeam "Poland"]
[BlackTeam "Sweden"]
[WhiteFideId "1118358"]
[BlackFideId "1710400"]
[EventDate "2022.07.29"]

1. d4 d5 2. c4 c6 3. Nf3 Nf6 4. Nc3 dxc4 5. a4 Bf5 6. Ne5 Nbd7 7. Nxc4 Qc7 8. g3
e5 9. dxe5 Nxe5 10. Bf4 Nfd7 11. Qc1 f6 12. Bg2 Be6 13. Nxe5 fxe5 14. Be3 Nc5
15. Qc2 Bb3 16. Qf5 Be6 17. Qc2 Bb3 18. Qf5 Be6 19. Qc2 1/2-1/2

[Event "Olimpiade 2022 - Open"]
[Site "Chennai"]
[Date "08.08.2022"]
[Round "10.18"]
[Board "1"]
[White "Dardha, Daniel"]
[Black "Deac, Bogdan-Daniel"]
[Result "1/2-1/2"]
[WhiteTitle "GM"]
[BlackTitle "GM"]
[WhiteElo "2575"]
[BlackElo "2692"]
[WhiteTeam "Belgium"]
[BlackTeam "Romania"]
[WhiteFideId "240990"]
[BlackFideId "1226380"]
[EventDate "2022.07.29"]

1. d4 Nf6 2. c4 e6 3. Nc3 Bb4 4. Qc2 d6 5. e4 c5 6. a3 Qa5 7. e5 Nfd7 8. axb4
Qxa1 9. Nf3 Nc6 10. Be2 dxe5 11. dxe5 cxb4 12. Ne4 O-O 13. Neg5 g6 14. O-O Qa5
15. Qe4 Ndxe5 16. Qh4 h5 17. Ne4 f5 18. Nf6+ Kg7 19. Nxh5+ gxh5 20. Qg5+ Kh8 21.
Qxh5+ Kg8 22. Qg5+ Kh8 23. Qh5+ Kg8 24. Qg5+ Kh8 25. Qh5+ 1/2-1/2

[Event "Olimpiade 2022 - Open"]
[Site "Chennai"]
[Date "08.08.2022"]
[Round "10.21"]
[Board "4"]
[White "Flores, Diego"]
[Black "Wong, Zhenyong Jayden"]
[Result "1-0"]
[WhiteTitle "GM"]
[BlackTitle "CM"]
[WhiteElo "2528"]
[BlackElo "2163"]
[WhiteTeam "Argentina"]
[BlackTeam "Singapore"]
[WhiteFideId "108049"]
[BlackFideId "5821975"]
[EventDate "2022.07.29"]

1. c4 c5 2. Nc3 g6 3. g3 Bg7 4. Bg2 Nc6 5. a3 d6 6. Rb1 a5 7. Nf3 e5 8. O-O Nge7
9. d3 O-O 10. Bg5 f6 11. Be3 Be6 12. Ne1 Rb8 13. Nc2 Nd4 14. b4 b6 15. Bd2 Qd7
16. bxc5 bxc5 17. Nxd4 cxd4 18. Ne4 Rxb1 19. Qxb1 Qa4 20. Nxd6 Qxa3 21. Nb5 Qc5
22. Bxa5 Nc6 23. Bc7 Rc8 24. Bd6 Qb6 25. Nc7 Qxb1 26. Rxb1 Bd7 27. Nd5 Be8 28.
Nb6 1-0

[Event "Olimpiade 2022 - Open"]
[Site "Chennai"]
[Date "08.08.2022"]
[Round "10.26"]
[Board "1"]
[White "Kadric, Denis"]
[Black "Solomon, Kenny"]
[Result "1/2-1/2"]
[WhiteTitle "GM"]
[BlackTitle "GM"]
[WhiteElo "2554"]
[BlackElo "2355"]
[WhiteTeam "Montenegro"]
[BlackTeam "South Africa"]
[WhiteFideId "14403803"]
[BlackFideId "14300192"]
[EventDate "2022.07.29"]

1. e4 e5 2. Nf3 Nc6 3. Bc4 Bc5 4. O-O Nf6 5. d3 d6 6. c3 h6 7. Re1 O-O 8. Nbd2
a5 9. Nf1 a4 10. Bb5 a3 11. b4 Bb6 12. Ng3 Be6 13. h3 Ne7 14. d4 c6 15. Bd3 Ng6
16. Be3 Re8 17. Qd2 Bc7 18. Bc2 d5 19. exd5 Bxd5 20. Bxg6 fxg6 21. Nxe5 Bxe5 22.
dxe5 Rxe5 23. c4 Bf7 24. Qc3 Re6 25. Ne2 Ne4 26. Qc2 Nd6 27. Rad1 Rxe3 28. fxe3
Qe7 29. Nf4 g5 30. c5 Nc4 31. Nd3 Qe4 32. Re2 Bh5 33. g4 Bg6 34. Qc3 Bf7 35. Ne1
Bd5 36. Ng2 Ne5 37. Qc2 Qf3 38. e4 Bc4 39. Re3 Qf7 40. Qc3 Qe7 41. Rd2 Qe6 42.
Rd6 Qe7 43. Ne1 Bxa2 44. Qa1 Bc4 45. Rxa3 Rxa3 46. Qxa3 Qf8 47. Qe3 Qf1+ 48. Kh2
Qxe1 49. Qxe1 Nf3+ 50. Kg3 Nxe1 51. Rd7 Nd3 52. Rxb7 Kf8 53. Kf3 Ne5+ 54. Ke3
Bf1 55. Kd4 Nf3+ 56. Ke3 Ne5 57. Kd4 Nf3+ 1/2-1/2

[Event "Olimpiade 2022 - Open"]
[Site "Chennai"]
[Date "08.08.2022"]
[Round "10.28"]
[Board "3"]
[White "Salinas Herrera, Pablo"]
[Black "Sharifov, Mekhriddin"]
[Result "0-1"]
[WhiteTitle "GM"]
[WhiteElo "2526"]
[BlackElo "2097"]
[WhiteTeam "Chile"]
[BlackTeam "Tajikistan"]
[WhiteFideId "3407128"]
[BlackFideId "14701545"]
[EventDate "2022.07.29"]

1. e4 c5 2. Nf3 d6 3. Bb5+ Nd7 4. a4 Nf6 5. Nc3 e6 6. O-O a6 7. Be2 b6 8. d4
cxd4 9. Qxd4 Be7 10. Rd1 Qc7 11. Nd2 O-O 12. Nc4 Rd8 13. Be3 e5 14. Qd2 Nc5 15.
f3 Be6 16. Nd5 Bxd5 17. exd5 a5 18. Ra3 Nh5 19. c3 f5 20. Qc2 Rf8 21. b4 Nd7 22.
bxa5 bxa5 23. Rb3 Bh4 24. Rdb1 f4 25. Rb7 Qd8 26. Bc1 Nc5 27. R7b6 Bg3 28. h3
Qh4 29. Bd1 e4 30. fxe4 Nxe4 31. Qxe4 Rae8 32. Qxe8 Rxe8 33. Rb8 Bf2+ 34. Kh2
Qe7 35. Bd2 Ng3 36. Rxe8+ Qxe8 37. Bg4 h5 38. Be6+ Kh7 39. Bxf4 Qg6 40. Nd2 Ne2
41. Bxd6 Bg3+ 42. Bxg3 Qxg3+ 43. Kh1 Qd3 44. d6 Qxd2 45. d7 Kg6 46. c4 Kf6 47.
Bd5 Ke7 48. Bc6 Nd4 49. Bd5 Kxd7 50. c5 Qc3 51. Rd1 Qxc5 52. Bf3 g6 53. Be4 g5
54. Bf3 h4 55. Bg4+ Kd6 56. Rf1 Qc4 57. Rf6+ Ke5 58. Rg6 Kf4 59. Kh2 Qxa4 60.
Rf6+ Ke5 0-1

[Event "Olimpiade 2022 - Open"]
[Site "Chennai"]
[Date "08.08.2022"]
[Round "10.30"]
[Board "1"]
[White "Lim, Zhuo Ren"]
[Black "Priasmoro, Novendra"]
[Result "0-1"]
[WhiteTitle "FM"]
[BlackTitle "GM"]
[WhiteElo "2318"]
[BlackElo "2494"]
[WhiteTeam "Malaysia"]
[BlackTeam "Indonesia"]
[WhiteFideId "5702488"]
[BlackFideId "7105029"]
[EventDate "2022.07.29"]

1. Nf3 Nf6 2. g3 g6 3. Bg2 Bg7 4. d4 O-O 5. c4 d6 6. O-O Nc6 7. Nc3 e5 8. dxe5
dxe5 9. Bg5 Be6 10. Qa4 h6 11. Rad1 Qe8 12. Bxf6 Bxf6 13. Nd5 Bd8 14. Qb3 Bc8
15. c5 Kh7 16. e4 Bg4 17. Qxb7 Rb8 18. Qa6 Rxb2 19. Rb1 Rxb1 20. Rxb1 Qe6 21.
Ne1 Nd4 22. Qxe6 Bxe6 23. Rb7 c6 24. Rxa7 cxd5 25. exd5 Bf5 26. Nf3 Kg8 27. g4
Bxg4 28. Nxe5 Bf5 29. h3 Bg5 30. d6 Re8 31. Ra8 Kf8 32. a4 Bf6 33. Ng4 Bxg4 34.
hxg4 Rxa8 35. Bxa8 Be5 36. Bd5 Ne2+ 37. Kf1 Nc3 38. d7 Bc7 39. Bc6 Ke7 40. f3
Na2 41. Ke2 Nc1+ 42. Ke3 Nb3 43. f4 Nxc5 44. f5 gxf5 45. gxf5 Nxd7 0-1

[Event "Olimpiade 2022 - Open"]
[Site "Chennai"]
[Date "08.08.2022"]
[Round "10.30"]
[Board "3"]
[White "Tan, Jun Ying"]
[Black "Ervan, Mohamad"]
[Result "0-1"]
[WhiteTitle "CM"]
[BlackTitle "IM"]
[WhiteElo "2191"]
[BlackElo "2402"]
[WhiteTeam "Malaysia"]
[BlackTeam "Indonesia"]
[WhiteFideId "5710413"]
[BlackFideId "7102135"]
[EventDate "2022.07.29"]

1. d4 Nf6 2. c4 e6 3. Nc3 Bb4 4. e3 O-O 5. Ne2 c6 6. a3 Ba5 7. c5 d5 8. cxd6
Qxd6 9. b4 Bc7 10. g3 a5 11. b5 cxb5 12. Bg2 Bd7 13. O-O Na6 14. e4 e5 15. dxe5
Qxe5 16. Be3 Bc6 17. Bd4 Qe6 18. Re1 Rfe8 19. Nf4 Bxf4 20. gxf4 b4 21. axb4 Nxb4
22. Qe2 Qg4 23. Qxg4 Nxg4 24. Re2 Nd3 25. f3 Nxf4 26. Rea2 Ne5 27. Rxa5 Rxa5 28.
Rxa5 f6 29. Bxe5 Rxe5 30. Ra8+ Kf7 31. Bf1 Rc5 32. Ra3 Ke6 33. Kf2 Kd6 34. Ke3
Ne6 35. f4 Rh5 36. Ra2 Rh4 37. Rd2+ Ke7 38. Nd5+ Bxd5 39. exd5 Nxf4 40. d6+ Kd8
41. Bb5 Rh5 42. Bc4 Ne6 43. Rb2 Re5+ 44. Kd3 Kc8 45. Rb6 Nd8 46. Bg8 Rh5 47. Kd4
Rxh2 48. Bd5 Rh4+ 49. Kc5 Rh5 50. Kd4 Rg5 51. Rb2 Kd7 52. Kc5 h5 53. Re2 b6+ 54.
Kc4 Kxd6 55. Rd2 b5+ 56. Kxb5 Rxd5+ 0-1

[Event "Olimpiade 2022 - Open"]
[Site "Chennai"]
[Date "08.08.2022"]
[Round "10.30"]
[Board "4"]
[White "Kurniawan, Muhamad Agus"]
[Black "Poh, Yu Tian"]
[Result "1/2-1/2"]
[WhiteTitle "FM"]
[WhiteElo "2328"]
[BlackElo "2118"]
[WhiteTeam "Indonesia"]
[BlackTeam "Malaysia"]
[WhiteFideId "7103735"]
[BlackFideId "5734088"]
[EventDate "2022.07.29"]

1. e4 c5 2. Nf3 d6 3. Bb5+ Nd7 4. d4 cxd4 5. Qxd4 a6 6. Bxd7+ Bxd7 7. O-O e5 8.
Qd3 Rc8 9. c4 b5 10. Nfd2 Nf6 11. Nc3 Qb6 12. b3 Be7 13. Bb2 O-O 14. Rac1 Rc7
15. cxb5 axb5 16. b4 Rfc8 17. a3 h6 18. h3 Qb8 19. Rfd1 Rb7 20. Nf1 Be6 21. Ne3
Bc4 22. Qb1 g6 23. Nxc4 Rxc4 24. Nd5 Nxd5 25. Rxc4 Ne3 26. Rc6 Nxd1 27. Qxd1 Rc7
28. Qc2 Bd8 29. Bc1 h5 30. a4 Rxc6 31. Qxc6 bxa4 32. Qxa4 Bb6 33. Qd7 Qc7 34.
Qxc7 Bxc7 35. Be3 Bb8 36. g4 hxg4 37. hxg4 f6 38. Bb6 Kf7 39. Bd8 Ke6 40. Kg2 d5
41. exd5+ Kxd5 42. Bxf6 Bd6 43. b5 Kc5 44. Kf3 Kxb5 45. Ke4 Kc6 46. Bxe5 Bb4 47.
Bd4 Kd6 48. Kf4 Kd5 49. Be3 Be7 50. Bb6 Ke6 51. Bd4 Kf7 52. Bb6 Ke6 53. f3 Kf7
54. Ke5 Bf6+ 55. Kd6 Be7+ 56. Kd7 Bg5 57. Bd8 Bf4 58. Bh4 Be5 59. Bg5 Bc3 60.
Kd6 Bb4+ 61. Kd5 Bc3 62. Be3 Bb2 63. Bd4 Bc1 64. Ke5 Ba3 65. Bb6 Bb2+ 66. Kf4
Bf6 67. Be3 Be7 68. Ke5 Bf6+ 69. Kd5 Be7 70. Bc5 Bg5 71. Bd6 Bf6 72. Bc7 Be7 73.
Ke5 Bf6+ 74. Kd6 Be7+ 75. Kd7 Bf6 76. Bd8 Be5 77. Bg5 Bc3 78. Kd6 Bb4+ 79. Kd5
Ba3 80. Bd8 Bc1 81. Ke4 Bd2 82. Kd3 Bf4 83. Ke2 g5 84. Kd3 Kg6 85. Ke4 Bd6 86.
Kd5 Bf4 87. Ke6 Be3 88. Ke5 Bf4+ 89. Ke4 Bd2 90. Bb6 Bf4 91. Bd4 Bd6 92. Be5 Bb4
93. Bg3 Bd2 94. Bd6 Bc1 95. Kd3 Bb2 96. Bb4 Be5 97. Bc3 Bd6 98. Ke4 Bc7 99. Be5
Bb6 100. Bd6 Bd8 101. Kd5 Bf6 102. Be5 Bd8 103. Kc6 Ba5 104. Bd4 Bd2 105. Be5
Ba5 106. Kb5 Bd2 107. Bd6 Be3 108. Kc4 Bb6 109. Be5 Be3 110. Bd6 Bb6 111. Be5
Be3 112. Bd4 Bf4 113. Kd5 Bd2 114. Bc5 Bf4 115. Bd6 Bd2 116. Ke4 Ba5 117. Be7
Bd2 118. Bc5 Bc3 119. Be3 Bb4 1/2-1/2